জাতীয় নেতা সৈয়দ নজরুল ইসলাম /

Bibliographic Details
Main Author: সিদ্দিকী, মাহফুজ (Author)
Format: Book
Language:Bengali
Published: ঢাকা : কারুবাক, 2020.
Subjects:
Classic Catalogue: View this record in Classic Catalogue
LEADER 03032nam a22003257a 4500
001 44815
003 BD-DhAAL
005 20250921122530.0
008 250921t2020 bg ||||| |||| 00| 0dben d
020 |a 9789849301325 
040 |a BD-DhAAL  |c BD-DhAAL 
041 |a ben 
082 |a 954.9205092  |2 23 
100 |a সিদ্দিকী, মাহফুজ,  |e author.  |9 59370 
245 |a জাতীয় নেতা সৈয়দ নজরুল ইসলাম /  |c মাহফুজ সিদ্দিকী. 
260 |a ঢাকা :  |b কারুবাক,  |c 2020. 
300 |a ৬৩ পৃষ্ঠা ;  |c ২২ সে.মি. 
526 |a RS (GenEd)  |x Tahseen H. Ali, PhD Assistant Professor and Assistant Dean, RS School of General Education BRAC University Course Name : Emergence of Bangladesh (EMB 101) 
541 |a Karim International  |e 44815, 44816, 44817, 44818, 44819 
600 |a Islam, Syed Nazrul,  |d 1925-1975  |v Biography.  |9 59427 
650 |a Politicians  |z Bangladesh  |v Biography. 
651 |a Bangladesh  |x Politics and government. 
852 |a Savar Campus Library  |c General Stacks 
942 |c BK  |2 ddc 
999 |c 47552  |d 47552 
952 |0 0  |1 0  |2 ddc  |4 0  |6 954_920509200000000_SID  |7 0  |9 78219  |a SCL  |b SCL  |c GEN  |d 2025-09-18  |e Karim International  |g 141.00  |l 0  |o 954.9205092 SID  |p 3020044817  |r 2025-09-18  |t 3  |v 282.00  |w 2025-09-18  |y BK  |x Requisitioned by Tahseen H. Ali, PhD (Assistant Professor and Assistant Dean, RS School of General Education, BRAC University) for the course named- "Emergence of Bangladesh (EMB 101)" 
952 |0 0  |1 0  |2 ddc  |4 0  |6 954_920509200000000_SID  |7 0  |9 78220  |a SCL  |b SCL  |c GEN  |d 2025-09-18  |e Karim International  |g 141.00  |l 0  |o 954.9205092 SID  |p 3020044818  |r 2025-09-18  |t 4  |v 282.00  |w 2025-09-18  |y BK  |x Requisitioned by Tahseen H. Ali, PhD (Assistant Professor and Assistant Dean, RS School of General Education, BRAC University) for the course named- "Emergence of Bangladesh (EMB 101)" 
952 |0 0  |1 0  |2 ddc  |4 0  |6 954_920509200000000_SID  |7 0  |9 78221  |a SCL  |b SCL  |c GEN  |d 2025-09-18  |e Karim International  |g 141.00  |l 0  |o 954.9205092 SID  |p 3020044816  |r 2025-09-18  |t 2  |v 282.00  |w 2025-09-18  |y BK  |x Requisitioned by Tahseen H. Ali, PhD (Assistant Professor and Assistant Dean, RS School of General Education, BRAC University) for the course named- "Emergence of Bangladesh (EMB 101)" 
952 |0 0  |1 0  |2 ddc  |4 0  |6 954_920509200000000_SID  |7 0  |9 78222  |a SCL  |b SCL  |c GEN  |d 2025-09-18  |e Karim International  |g 141.00  |l 0  |o 954.9205092 SID  |p 3020044819  |r 2025-09-18  |t 5  |v 282.00  |w 2025-09-18  |y BK  |x Requisitioned by Tahseen H. Ali, PhD (Assistant Professor and Assistant Dean, RS School of General Education, BRAC University) for the course named- "Emergence of Bangladesh (EMB 101)" 
952 |0 0  |1 0  |2 ddc  |4 0  |6 954_920509200000000_SID  |7 0  |9 78223  |a SCL  |b SCL  |c GEN  |d 2025-09-18  |e Karim International  |g 141.00  |l 0  |o 954.9205092 SID  |p 3020044815  |r 2025-09-18  |t 1  |v 282.00  |w 2025-09-18  |y BK  |x Requisitioned by Tahseen H. Ali, PhD (Assistant Professor and Assistant Dean, RS School of General Education, BRAC University) for the course named- "Emergence of Bangladesh (EMB 101)"